| Tag |
First Indicator |
Second Indicator |
Subfields |
| LEADER |
00000cam a2200000 4500 |
| 001 |
in00000099958 |
| 005 |
20150926125641.0 |
| 008 |
710506s1970 nyua b 10000 eng |
| 010 |
|
|
|a 73139495
|
| 035 |
|
|
|a (OCoLC)00139531
|
| 035 |
|
|
|9 AAL4121AM
|
| 040 |
|
|
|a DLC
|c DLC
|d TXA
|d UtOrBLW
|
| 049 |
|
|
|a TXAM
|c [486719]
|
| 050 |
0 |
0 |
|a TJ263
|b .F56
|
| 090 |
|
|
|a TP363
|b .F4
|
| 245 |
0 |
0 |
|a Flow-induced vibration in heat exchangers ;
|b [papers of a symposium] /
|c presented at the winter annual meeting of the American Society of Mechanical Engineers, New York, December 1, 1970.
|
| 264 |
|
1 |
|a New York :
|b American Society of Mechanical Engineers,
|c [1970]
|
| 264 |
|
4 |
|c [©1970]
|
| 300 |
|
|
|a 88 pages :
|b illustrations ;
|c 28 cm.
|
| 336 |
|
|
|a text
|b txt
|2 rdacontent
|
| 337 |
|
|
|a unmediated
|b n
|2 rdamedia
|
| 338 |
|
|
|a volume
|b nc
|2 rdacarrier
|
| 500 |
|
|
|a "Sponsored by the Heat Transfer Division of the ASME, Technical Committee on Heat Transfer Equipment, K-10."
|
| 504 |
|
|
|a Includes bibliographical references.
|
| 650 |
|
0 |
|a Heat exchangers
|v Congresses.
|
| 650 |
|
0 |
|a Heat
|x Transmission
|v Congresses.
|
| 650 |
|
0 |
|a Vibration
|v Congresses.
|
| 710 |
2 |
|
|a American Society of Mechanical Engineers.
|b Technical Committee on Unfired Heat Transfer Equipment.
|
| 710 |
2 |
|
|a American Society of Mechanical Engineers.
|b Winter Annual Meeting
|d (1970 :
|c New York)
|
| 999 |
|
|
|a MARS
|
| 999 |
f |
f |
|s af952026-938e-32e0-9294-17b1ef7d5c05
|i e19e071e-e054-316e-be5e-55c9294efd30
|t 0
|
| 952 |
f |
f |
|p ric
|a Texas A&M University
|b Rellis Campus
|c Joint Library Facility
|d Remote Storage
|t 0
|e TP363 .F4
|h Library of Congress classification
|i unmediated -- volume
|m A14805607147
|
| 998 |
f |
f |
|a TP363 .F4
|t 0
|l Remote Storage
|